Anatomy of a Circuit - Statistics

General Stats
  • This quiz has been taken 19 times
  • The average score is 4 of 6
Answers on the Map
Answers color-coded by a green-red scale on the quiz's map according to % correct below.
 
Answer Stats
Answer % Correct
Battery
86%
Switch
86%
Resistor
79%
Light bulb
64%
Wire
64%
Ammeter
36%
No matching quizzes found
Score Distribution
Percent of People with Each Score
Percentile by Number Answered
Your Score History
You have not taken this quiz